| 000 | 00393nam a22001577a 4500 | ||
|---|---|---|---|
| 999 |
_c8005 _d8003 |
||
| 005 | 20220616112636.0 | ||
| 008 | 220616b ||||| |||| 00| 0 eng d | ||
| 020 | _a97815-43346-23-7 | ||
| 041 | _aeng | ||
| 100 |
_aMUDE, GAURAV AND OTHERS _97284 |
||
| 245 | _aA PRACTICAL MANUAL OF PHARMACOLOGY | ||
| 260 | _bS.VIKASH AND COMPANY | ||
| 300 | _a94;p | ||
| 650 |
_aPHARMACY _97285 |
||
| 942 | _cBK | ||